000 00379nam a2200157Ia 4500
008 230711s9999||||xx |||||||||||||| ||und||
041 _aENG
082 _a621
_bLO-T
100 _aLowdon,Eric
245 0 _aTransformer design handbook
250 _a1st . Ed.
260 _c1985
_aNew Delhi
_bBPB Publications
300 _a240
650 _aElectronics Engineering
942 _cBK
999 _c4498
_d4498